Procedimiento constructivo de obras horizontales en Nicaragua, carreteras, Santa Emilia - El Tuma - La Dalia, San Carlos- empalme las Azucenas fronteras con Costa Rica.
Procedimiento constructivo de obras horizontales en Nicaragua, carreteras, Santa Emilia - El Tuma - La Dalia, San Carlos- empalme las Azucenas frontera con Costa Rica en el cual se describe de forma práctica y teórica el procedimiento constructivo de una carretera, así como el rendimiento de los...
| Main Authors: | , |
|---|---|
| Other Authors: | |
| Format: | Tesis Section = Libro |
| Language: | Undetermined Spanish |
| Published: |
Managua
UNI
1999
|
| Subjects: |
| LEADER | 01268nam a2200265Ia 4500 | ||
|---|---|---|---|
| 008 | 240830s9999 xx 000 0 und d | ||
| 040 | |a BIBLIOTECA-RUPAP Mon 625.7 G173 | ||
| 041 | |a spa | ||
| 082 | |a Mon 625.7 G173 | ||
| 100 | 1 | |a Gallo Linarte, Luis Orontes | |
| 100 | 1 | |b Gutiérrez Báez, Esther Walesk | |
| 245 | 1 | 0 | |a Procedimiento constructivo de obras horizontales en Nicaragua, carreteras, Santa Emilia - El Tuma - La Dalia, San Carlos- empalme las Azucenas fronteras con Costa Rica. |
| 260 | |a Managua |b UNI |c 1999 | ||
| 300 | |a 157 p. :il. | ||
| 500 | |a Contiene: anexos. | ||
| 502 | |a Tesis (Ingeniero Civil)- UNI, 1999. | ||
| 520 | 3 | |a Procedimiento constructivo de obras horizontales en Nicaragua, carreteras, Santa Emilia - El Tuma - La Dalia, San Carlos- empalme las Azucenas frontera con Costa Rica en el cual se describe de forma práctica y teórica el procedimiento constructivo de una carretera, así como el rendimiento de los equipos utilizados en la construcción de los tramos. | |
| 650 | 7 | |a CARRETERA | |
| 650 | 7 | |b DISEÑO Y CONSTRUCCION | |
| 650 | 7 | |c CARRETERAS - MANTENIMIENTO Y REHABILITACION | |
| 650 | 7 | |d PAVIMENTOS - DISEÑO Y CONSTRUCCION | |
| 700 | 1 | |a Tutor: |b Aguilar, Raúl | |
| 942 | |c BK |2 ddc | ||
| 991 | |a TESIS | ||
| 999 | |c 15974 | ||